| 000 | 00385nam a2200145 a 4500 | ||
|---|---|---|---|
| 001 | 5817 | ||
| 003 | CDMR | ||
| 005 | 20130116135314.0 | ||
| 008 | 130130s ||||||||||||||||||||||||||||d | ||
| 040 |
_aCDMR _bcat _cCDMR |
||
| 245 | 3 | _aLa presse au Canada et sa vision des problèmes d'importance internationale | |
| 260 | _bUnesco | ||
| 490 | 0 |
_aNew Communication Order _v6 _92738 |
|
| 942 | _cMON | ||
| 999 |
_c5817 _d5817 |
||